000 00379nam a22001457a 4500
008 210426b ||||| |||| 00| 0 eng d
020 _a2901269388626
041 _aeng
080 _a004
082 _a004
100 _a28
101 _aSHKI
245 _aComputer Math problem Solving for Information Technology with Student Solutions Manual
_cMarchant,Ch
942 _2udc
_cBK
999 _c56700
_d56700